UBT Library

MANUFACTURING ENGINEERING AND TECHNOLOGY (Record no. 14263)

000 -LEADER
fixed length control field 00316nam a22001337a 4500
008 - FIXED-LENGTH DATA ELEMENTS--GENERAL INFORMATION
fixed length control field 170525b xxu||||| |||| 00| 0 eng d
020 ## - INTERNATIONAL STANDARD BOOK NUMBER
International Standard Book Number 9780201361315
041 ## - LANGUAGE CODE
Language code of text/sound track or separate title eng
080 ## - UNIVERSAL DECIMAL CLASSIFICATION NUMBER
Edition identifier 4TH
Universal Decimal Classification number 624
100 ## - Rafti
Rafti 26
101 ## - Shkurtesa
Shkurtesa IM
245 ## - TITLE STATEMENT
Title MANUFACTURING ENGINEERING AND TECHNOLOGY
Statement of responsibility, etc KALPAKJIAN,S
942 ## - ADDED ENTRY ELEMENTS (KOHA)
Source of classification or shelving scheme
Item type Books
Holdings
Withdrawn status Lost status Source of classification or shelving scheme Damaged status Not for loan Collection code Permanent location Current location Shelving location Date acquired Total Checkouts Full call number Barcode Date last seen Price effective from Koha item type
          Koleksioni i përgjithshem UBT - Lipjan UBT - Lipjan Koleksioni i përgjithshem 05/25/2017   624 KAL 002-286828 05/25/2017 05/25/2017 Books
UBT Library © 2015-2024. All rights reserved University Education for Business and Technology